000
00321nam a2200121Ia 4500
008
220216s9999 xx 000 0 und d
100
_a
Spetz Goran
245
0
_a
Developments in low temperature testing of rubber materials
260
_b
Natural Rubber
_c
2001
300
_a
7-Mar
650
_a
Rubber testing
942
_c
JS
999
_c
57100
_d
57100